000 01678nam a2200253Ia 4500
003 OSt
005 20211206102314.0
008 210310s1999 ck ad gr 000 0 spa d
040 _aCO-JMCR
_cCO-JMCR
041 0 _aspa
082 0 4 _a336.39 /
_bS211d
_223
100 _aFabio Sanchez Torres, Jairo Núñez Méndez; CEDE
_929368
245 1 0 _aDescentralización, pobreza y acceso a los servicios sociales :
_b¿Quién se beneficio del gasto publico en los noventa? /
_cFabio Sanchez Torres, Jairo Núñez Méndez
260 _aBogotá :
_bCEDE,
_c1999.
300 _a38 páginas ;
_c28 cm.
490 _aDocumentos CEDE ;
_v99-04
501 _aCon: notas a pie de página.
520 0 _aEL CENTRO DE ESTUDIOS SOBRE DESARROLLO ECONOMICO-CEDE- de la Facultad de Economía de la Universidad de los Andes, se fundó en 1958 con el objetivo de realizar investigaciones económicas tanto teóricas como empíricas. Las áreas de investigación de especial interés para el CEDE son: Macroeconómica, Teoría y Política Monetaria, Teorías del Crecimiento, Evaluación Socioeconómica de Proyectos, Recursos Naturales y Medio Ambiente, Economía Agrícola, Demografía, Economía de la Educación, Economía Laboral, Pobreza y Distribución del Ingreso, Economía de la Salud, Economía Urbana, Regulación Económica, Comercio Exterior, Finanzas Públicas, Desarrollo y Organización Industrial, Violencia y Economía Institucional.
650 1 4 _aDescentralización administrativa
_zColombia.
_941724
650 2 4 _aServicios públicos
_zColombia.
_941725
650 2 4 _aGastos públicos
_yColombia.
_941726
700 1 _aNúñez Méndez, Jairo,
_eautor
_93628
942 _2ddc
_cBK
999 _c12842
_d12842